Analytic and combinatorial generalizations of the Rogers-Ramanujan identities
Αποθηκεύτηκε σε:
| Κύριος συγγραφέας: | |
|---|---|
| Μορφή: | Βιβλίο |
| Γλώσσα: | English |
| Δημοσίευση: |
Providence, R.I. :
American Mathematical Society,
1980
|
| Σειρά: | Memoirs of the American Mathematical Society ;
; 227 |
| Θέματα: | |
| Ετικέτες: |
Προσθήκη ετικέτας
Δεν υπάρχουν, Καταχωρήστε ετικέτα πρώτοι!
|
MARC
| LEADER | 00000cam a2200000 i 4500 | ||
|---|---|---|---|
| 001 | 1/48963 | ||
| 008 | 941103s1980 eng d | ||
| 020 | |a 0821822276 | ||
| 035 | |l 10043483 | ||
| 040 | |a GR-MY-UA |b gre |e aacr | ||
| 041 | 0 | |a eng | |
| 082 | 0 | |a 512.73 |2 (19) | |
| 100 | 1 | |a Bressoud, David M. |d 1950- | |
| 245 | 1 | 0 | |a Analytic and combinatorial generalizations of the Rogers-Ramanujan identities / |c David M. Bressoud |
| 246 | 3 | 3 | |a Rogers-Ramanujan identities |
| 260 | |a Providence, R.I. : |b American Mathematical Society, |c 1980 | ||
| 300 | |a 54 p.; |c 26 cm | ||
| 490 | 1 | |a Memoirs of the American Mathematical Society |v ; 227 | |
| 500 | |a "Vol. 24, no. 227 (first of 3 numbers)" | ||
| 504 | |a Bibliography: p. 53-54 | ||
| 650 | 0 | 0 | |a Partitions (Mathematics) |
| 650 | 0 | 0 | |a Generating functions. |
| 650 | 0 | 0 | |a Combinatorial identities. |
| 650 | 0 | 0 | |a Hypergeometric functions. |
| 830 | 0 | |a Memoirs of the American Mathematical Society ; |v ; 227 | |
| 852 | |a INST |b SAMOS |e 19941103 |h 512.73 BRE |p 005300007686 |q 005300007686 |t BK |y 0 | ||
| 909 | |a Σ |b 033383 | ||